RICS 评估和估价标准 中文版 版本 (Record no. 121633)
[ view plain ]
| 000 -LEADER | |
|---|---|
| fixed length control field | 00889cai a22002895a 4500 |
| 008 - FIXED-LENGTH DATA ELEMENTS--GENERAL INFORMATION | |
| fixed length control field | 230725c2006 xxkfr l ee 000 00chi d |
| 041 1# - LANGUAGE CODE | |
| Language code of text/sound track or separate title | chi |
| 110 2# - MAIN ENTRY--CORPORATE NAME | |
| Corporate name or jurisdiction name as entry element | Royal Institution of Chartered Surveyors |
| 9 (RLIN) | 4900 |
| 240 00 - UNIFORM TITLE | |
| Uniform title | Red book |
| 245 00 - TITLE STATEMENT | |
| Title | RICS 评估和估价标准 中文版 版本 |
| 246 ## - VARYING FORM OF TITLE | |
| Title proper/short title | RICS appraisal and valuation standards |
| 260 ## - PUBLICATION, DISTRIBUTION, ETC. | |
| Place of publication, distribution, etc. | London |
| Name of publisher, distributor, etc. | RICS |
| Date of publication, distribution, etc. | 2006 |
| 300 ## - PHYSICAL DESCRIPTION | |
| Extent | 84p. |
| Type of unit | (loose-leaf) |
| Dimensions | 30cm. |
| 362 0# - DATES OF PUBLICATION AND/OR SEQUENTIAL DESIGNATION | |
| Dates of publication and/or sequential designation | 2006- |
| 490 #0 - SERIES STATEMENT | |
| Series statement | RICS Guidance Note |
| 490 #0 - SERIES STATEMENT | |
| Series statement | RICS Red Book |
| 490 #0 - SERIES STATEMENT | |
| Series statement | RICS Information Paper |
| 490 #0 - SERIES STATEMENT | |
| Series statement | RICS Practice Statement |
| 490 #0 - SERIES STATEMENT | |
| Series statement | RICS UK Guidance Note |
| 490 #0 - SERIES STATEMENT | |
| Series statement | RICS UK Practice Statement |
| 490 #0 - SERIES STATEMENT | |
| Series statement | RICS Valuation Information Paper |
| 520 ## - SUMMARY, ETC. | |
| Summary, etc. | Chinese language version. |
| 650 24 - SUBJECT ADDED ENTRY--TOPICAL TERM | |
| Topical term or geographic name entry element | RICS appraisal and valuation standards |
| 651 #4 - SUBJECT ADDED ENTRY--GEOGRAPHIC NAME | |
| Geographic name | International |
| 690 ## - LOCAL SUBJECT ADDED ENTRY--TOPICAL TERM (OCLC, RLIN) | |
| Topical term or geographic name as entry element | Valuation |
| 9 (RLIN) | 6273 |
| 942 ## - ADDED ENTRY ELEMENTS (KOHA) | |
| Suppress in OPAC | 0 |
| Source of classification or shelving scheme | Dewey Decimal Classification |
| Withdrawn status | Lost status | Source of classification or shelving scheme | Damaged status | Not for loan | Home library | Current library | Shelving location | Date acquired | Total Checkouts | Full call number | Date last seen | Price effective from | Koha item type |
|---|---|---|---|---|---|---|---|---|---|---|---|---|---|
| Dewey Decimal Classification | London | London | Books | 25/07/2023 | RED BOOKS | 25/07/2023 | 25/07/2023 | Book |